Alle Premier League Darts Teilnehmer 2019 - Statistiken

Allgemein
  • Dieses Quiz wurde 75 mal gespielt
  • Das Durchschnittsergebnis liegt bei 8 aus 9
Antwortstatistiken
Tabellenplatz Land Dartsspieler % Korrekt
1 Niederlande Michael van Gerwen
100%
5 Wales Gerwyn Price
99%
8 Schottland Peter Wright
99%
6 Österreich Mensur Suljovic
93%
7 England Michael Smith
88%
9 Niederlande Raymond van Barneveld
85%
2 England Rob Cross
84%
3 England James Wade
78%
4 Nordirland Daryl Gurney
72%
Keine übereinstimmenden Quizze gefunden
Verteilung der Resultate
Anzahl Personen mit jedem Resultat
Perzentil nach korrekt beantworteten Fragen
Ihre Resultats-Entwicklung
Sie haben dieses Quiz noch nicht gespielt